[Event "corr."]
[Site "masterchessopen.com DDR"]
[Round "0"]
[White "Schneider Veronika (HUN)"]
[Black "Behling Harald (GER)"]
[Result "1-0"]
[WhiteElo "2297"]
[BlackElo "1970"]

1.e4 e6 2.d4 d5 3.Nd2 c5 4.exd5 exd5 5.Ngf3 a6 6.Be2 cxd4 7.O-O Bd6 8.Nb3 Nf6
9.Bg5 Nbd7 10.Qxd4 Qc7 11.Qe3+ Ne4 12.c4 Ne5 13.c5 Bxc5 14.Nxc5 Ng4 15.Nxa6
bxa6 16.Qf4 Qb6 17.Ne5 Ngf6 18.Bxf6 Nxf6 19.Qa4+ Bd7 20.Nxd7 Nxd7 21.Bg4 Ra7
22.Rac1 Kd8 23.Rc6 Qb5 24.Qc2 Qb8 25.Rc1 Ke7 26.Bxd7 Rxd7 27.Qc5+ {#r} 1-0

[Event "corr."]
[Site "masterchessopen.com DDR"]
[Round "0"]
[White "Schurade Matthias (GER)"]
[Black "Gruenberg Hans-Ulrich (GER)"]
[Result "1-0"]
[WhiteElo "2346"]
[BlackElo "2460"]

1.e4 e6 2.d4 d5 3.Nd2 c5 4.Ngf3 a6 5.exd5 exd5 6.dxc5 Bxc5 7.Bd3 Ne7 8.O-O O-O
9.Nb3 Bb6 10.Nbd4 Nbc6 11.Be3 Bc7 12.c3 Qd6 13.g3 Ng6 14.Qc2 Bg4 15.Bf5 Nxd4
16.Nxd4 Bxf5 17.Nxf5 Qc6 18.Rad1 Rad8 19.Bd4 f6 20.Rfe1 Rfe8 21.Qb3 b5
22.Rxe8+ Rxe8 23.Ne3 Rd8 24.Bb6 Ne7 25.Qb4 Kf7 26.Qh4 Kg8 27.Qg4 Kf7 28.h4 Qe6
29.Qh5+ Kg8 30.Bc5 Bd6 31.Nxd5 Nc6 32.Bxd6 Rxd6 33.Ne7+ Qxe7 34.Rxd6 Qxd6
35.Qe8+ Qf8 36.Qxc6 Qe7 37.Qxa6 Qe1+ 38.Kg2 {#r} 1-0